LDR 00636naa#a2200205#i#450# 001 EN\\bibl\121337 005 20260514193105.4 011 ## _a1994-4683 100 ## _a20230803b2023####ek#y0engy0150####ca 102 ## _aRU 200 1# _aDEVELOPMENT OF ENDURANCE QUALITY IN ATHLETES OF VARIOUS SPECIALIZATIONS _eJournal article 210 1# _aMoscow _cNational State University of Physical Education, Sports and Health named after P.F. Lesgaft _d2023 215 ## _a5 с. 608 ## _aJournal article _2local 675 ## _aВыносливость. 796.012.12 _z 700 #1 _a _g 700 #1 _a _g 700 #1 _a _g 700 #1 _a _g 856 4# _auchzapiski.lesgaft.spb.ru _u